000 01223nam0a22002651 4500
001 v19\rc\1652637
005 20250619003632.0
035 _a(NLR Aleph) 004763688
090 _a4595245
_c4595245
100 _a20061002d1878 |||y0rusy50 ca
101 0 _arus
102 _aRU
105 _ay z |||||
200 1 _aКак предохранить себя от тифа
_eТиф и тифоиды
_eПятнистый и кишеч. тиф; возвратная горячка; желчный тифоид; холер. и скарлат. тифоиды
_eИх происхождение, распознавание, предохранение и лечение
_fПопул. излож. на основании новейших исслед. и науч. дан. П. Андреевским, авт. "Холера и ее лечение"...
210 _aМосква
_cД.И. Преснов
_d1878
215 _a96 с.
_d18
700 1 _aАндреевский
_bП.В.
_f1848-1890
_gПетр Васильевич
801 0 _aRU
_bNLR
_gpsbo
801 0 _aRU
_bRuMoRGB
_2psbo
801 1 _aRU
_bProSoft-M
_2rusmarc
852 _aNLR
_j18.126.7.473
899 _aRuMoRGB
_jE 12/607
899 _aБАН
942 _cBOOK
980 _aNB